[Event "Campiunatu di Corsica 2013"]
[Site "Corsica"]
[Date "2013.06.29"]
[Round "6"]
[White "Cristofari, Antoine"]
[Black "Guyon, Pascal"]
[Result "1-0"]
[WhiteElo "2134"]
[BlackElo "1853"]
[PlyCount "55"]

1. e4 c5 2. Nf3 Nf6 3. e5 Nd5 4. c3 e6 5. Bc4 d6 6. d4 cxd4 7. O-O dxe5 8. Nxe5
Nc6 9. Nxc6 bxc6 10. Qxd4 Qb6 11. Qe5 Ba6 12. Bxa6 Qxa6 13. Nd2 Nf6 14. Nf3 Be7
15. Nd4 c5 16. Nb3 c4 17. Nd4 O-O 18. Nf5 Bd8 19. Nxg7 Kxg7 20. Bg5 h6 21. Bh4
Be7 22. Rae1 Rfd8 23. Re4 Rd5 24. Bxf6+ Bxf6 25. Rg4+ Kf8 26. Qxf6 Rad8 27. Rg7
Qb7 28. Rh7 1-0

[Event "Campiunatu di Corsica 2013"]
[Site "Corsica"]
[Date "2013.06.29"]
[Round "6"]
[White "Bigonnet, Jean-Michel"]
[Black "Massoni, Michael"]
[Result "1-0"]
[WhiteElo "1987"]
[BlackElo "2371"]
[PlyCount "43"]

1. e4 c5 2. Nf3 d6 3. d4 cxd4 4. Nxd4 Nf6 5. Nc3 Nc6 6. Be3 Ng4 7. Bb5 Nxe3 8.
fxe3 Bd7 9. O-O e6 10. Bxc6 bxc6 11. Qf3 Qf6 $1 12. Qe2 Qg5 13. Qf3 (13. Rf3 $5
) 13... f6 $6 (13... Qg6 $5) 14. e5 $3 dxe5 $4 (14... Qxe5 15. Nxc6 Qc5 $13)
15. Nxe6 Bxe6 16. Qxc6+ Kf7 17. Qxa8 Qxe3+ 18. Kh1 Rg8 19. Qb7+ Be7 20. Ne4 $1
f5 21. Nd6+ Kf6 22. Rxf5+ $1 1-0

[Event "Campiunatu di Corsica 2013"]
[Site "Corsica"]
[Date "2013.06.29"]
[Round "6"]
[White "Utrera, Ludovic"]
[Black "Luciani, Thibault"]
[Result "1/2-1/2"]
[WhiteElo "2037"]
[BlackElo "2089"]
[PlyCount "144"]
[EventDate "2013.??.??"]

1. e4 c5 2. Nf3 Nc6 3. c3 Nf6 4. e5 Nd5 5. Bc4 Nb6 6. Bb3 d5 7. d4 cxd4 8. cxd4
Bf5 9. O-O e6 10. Nc3 Be7 11. Be3 O-O 12. Nd2 Rc8 13. f4 f6 14. Nf3 Na5 15.
exf6 Bxf6 16. Ne5 Nbc4 17. Qe2 Nxe5 18. dxe5 Be7 19. Rad1 Nxb3 20. axb3 Bb4 21.
g4 Bg6 22. f5 Bxc3 23. bxc3 exf5 24. gxf5 Bxf5 25. c4 Qh4 26. Rd4 Be4 27. Rxf8+
Rxf8 28. cxd5 Rf3 29. Qxf3 Qe1+ 30. Qf1 Qxe3+ 31. Qf2 Qc1+ 32. Qf1 Qg5+ 33. Kf2
Qf4+ 34. Ke2 Qxe5 35. Qf2 Bxd5+ 36. Kd2 h6 37. Kc3 a6 38. Qd2 Bc6 39. Kc2 Qf5+
40. Kb2 Qe5 41. Kc1 Qc5+ 42. Kb2 Qe5 43. h4 Kh8 44. Qc3 Qf6 45. Ka3 Qf8+ 46.
Kb2 Qf6 47. Qd2 Qe5 48. Ka2 Qf5 49. Rf4 Qd5 50. Rd4 Qg2 51. Kb2 Qxd2+ 52. Rxd2
g5 53. hxg5 hxg5 54. Kc3 g4 55. Kd4 g3 56. Ke3 g2 57. Kf2 Kg7 58. Rd6 Kf7 59.
b4 Ke7 60. Rh6 Kd7 61. Rh7+ Kd6 62. Rh5 Bd5 63. Rh6+ Ke5 64. Rh4 Be4 65. Rg4
Bc6 66. Ke3 Kd6 67. Rg5 b6 68. Kd4 a5 69. bxa5 bxa5 70. Kc3 Ke6 71. Kb2 Kf6 72.
Rxg2 Bxg2 1/2-1/2

[Event "Campiunatu di Corsica 2013"]
[Site "Corsica"]
[Date "2013.06.29"]
[Round "6"]
[White "Brethes, Francois"]
[Black "Battesti, Saveriu"]
[Result "1-0"]
[WhiteElo "2247"]
[BlackElo "2010"]
[PlyCount "67"]

1. d4 Nf6 2. c4 g6 3. g3 Bg7 4. Bg2 O-O 5. Nf3 d6 6. O-O Nc6 7. Nc3 Rb8 8. h3
a6 9. e4 b5 10. cxb5 axb5 11. Re1 b4 12. Nd5 Bd7 13. Bg5 $5 Na5 $6 (13... Re8)
14. Rc1 c6 15. Nxe7+ Qxe7 16. e5 Qd8 17. Qd2 Be6 18. exf6 Bxf6 19. b3 $6 (19.
Qf4 $16) 19... Bxb3 $1 20. axb3 Nxb3 21. Qf4 Bxg5 22. Nxg5 Nxc1 23. Rxc1 b3 24.
Rb1 Qa5 (24... d5 $15) 25. Ne4 Qa2 26. Nf6+ Kg7 27. Be4 d5 $4 (27... Rfe8 $13)
28. Bd3 (28. Qe5 $18) 28... b2 $4 29. Qe5 $18 (29. Nh5+ gxh5 30. Qg5+ Kh8 31.
Qf5 $18) 29... Qb3 30. Ne8+ Kh6 31. Qg7+ Kg5 32. h4+ (32. Qf6+ Kh6 33. Qh4#)
32... Kg4 33. Qf6 Qxd3 34. Kg2 1-0

[Event "Campiunatu di Corsica 2013"]
[Site "Corsica"]
[Date "2013.06.30"]
[Round "1.1"]
[White "Battesti, Saveriu"]
[Black "Luciani, Thibault"]
[Result "1/2-1/2"]
[WhiteElo "2013"]
[BlackElo "2089"]
[PlyCount "191"]

1. e4 c5 2. Nf3 d6 3. c3 Nf6 4. h3 Nc6 5. d4 cxd4 6. cxd4 Nxe4 7. d5 Qa5+ 8.
Nc3 Nxc3 9. bxc3 Ne5 10. Nxe5 Qxc3+ 11. Bd2 Qxe5+ 12. Be2 g6 13. O-O Bg7 14.
Bb5+ Kf8 15. Rc1 Qxd5 16. Bc4 Qd4 17. Qf3 Qf6 18. Qb3 Qb2 19. Qf3 Qf6 20. Qb3
Rb8 21. Rfe1 Kg8 22. Qa4 Be6 23. Qxa7 Rf8 24. Bc3 Qf4 25. Bxe6 fxe6 26. Bxg7
Kxg7 27. Rc7 d5 28. Rxb7 d4 29. Rxe7+ Kh6 30. f3 Ra8 31. Rxh7+ Rxh7 32. Qxa8 d3
33. Qe4 Qxe4 34. Rxe4 Rd7 35. Re1 Kg5 36. g3 Kf5 37. Kf2 Ra7 38. Ra1 Ra3 39.
Ke3 Ke5 40. Rd1 Rxa2 41. Rxd3 Rh2 42. h4 Rh1 43. Ra3 Kf5 44. g4+ Kf6 45. g5+
Kf5 46. Ra5+ e5 47. Ra4 Rh2 48. Rb4 Rh1 49. Kf2 Ke6 50. Kg2 Ra1 51. Rb6+ Kf7
52. Rb7+ Kf8 53. Rb6 Kf7 54. Rb7+ Kf8 55. Rb5 Re1 56. Rb6 Kf7 57. Rf6+ Kg7 58.
Ra6 Kf7 59. Ra7+ Kf8 60. Ra4 Rc1 61. Ra5 Re1 62. Kf2 Rh1 63. Ra4 Kf7 64. Ra7+
Kf8 65. Ra4 Rc1 66. Ra5 Rh1 67. Rxe5 Rxh4 68. Kg3 Ra4 69. Rb5 Kg7 70. Rb7+ Kg8
71. Rd7 Rb4 72. Kf2 Rb3 73. f4 Rb1 74. Ke3 Re1+ 75. Kf3 Rf1+ 76. Ke4 Re1+ 77.
Kd5 Re2 78. Rd6 Kg7 79. Re6 Rd2+ 80. Ke5 Re2+ 81. Kd6 Rd2+ 82. Ke7 Ra2 83. Rf6
Ra7+ 84. Ke6 Ra6+ 85. Ke5 Ra5+ 86. Ke4 Ra4+ 87. Kf3 Ra1 88. Rc6 Rf1+ 89. Ke4
Re1+ 90. Kd5 Re2 91. Rc7+ Kg8 92. Kd6 Re4 93. Rc8+ Kg7 94. Rc7+ Kg8 95. Rc8+
Kg7 96. Rc7+ 1/2-1/2

[Event "Campiunatu di Corsica 2013"]
[Site "Corsica"]
[Date "2013.06.30"]
[Round "1.1"]
[White "Bigonnet, Jean-Michel"]
[Black "Cristofari, Antoine"]
[Result "1/2-1/2"]
[WhiteElo "1987"]
[BlackElo "2134"]
[PlyCount "75"]
[EventDate "2013.06.30"]

1. e4 e5 2. Nf3 Nc6 3. Bb5 f5 4. d3 fxe4 5. dxe4 Nf6 6. O-O Bc5 7. Qd3 d6 8.
Bc4 Na5 9. Nc3 Nxc4 10. Qxc4 Qe7 11. Bg5 c6 12. Rad1 Be6 13. Qd3 Rd8 14. Kh1
O-O 15. Nh4 Qf7 16. Qf3 Bg4 17. Qd3 Qh5 18. Qc4+ Kh8 19. Bxf6 Rxf6 20. Qxc5
Bxd1 21. Qxa7 Qxh4 22. Nxd1 Rh6 23. h3 Qxe4 24. Kg1 Rg6 25. Ne3 d5 26. Qxb7 d4
27. Qe7 Rg8 28. Ng4 h5 29. Qxe5 Qxe5 30. Nxe5 Rf6 31. Rd1 Rd8 32. Rd2 Kg8 33.
a4 Re6 34. Nd3 Kf8 35. Nc5 Re1+ 36. Kh2 Ra8 37. b3 g6 38. h4 {...suite
illisible} 1/2-1/2

[Event "Campiunatu di Corsica 2013"]
[Site "Corsica"]
[Date "2013.06.30"]
[Round "2"]
[White "Utrera, Ludovic"]
[Black "Guyon, Pascal"]
[Result "0-1"]
[WhiteElo "2037"]
[BlackElo "1853"]
[PlyCount "33"]
[EventDate "2013.??.??"]

1. e4 c5 2. Nf3 Nf6 3. Nc3 Nc6 4. d4 d5 5. exd5 Nxd5 6. Bb5 $5 Nxc3 7. bxc3
cxd4 8. Nxd4 Bd7 9. O-O g6 10. Nxc6 Bxc6 11. Bxc6+ bxc6 12. Qe2 Bg7 13. Ba3 O-O
14. Rad1 Qa5 15. Bb4 Qxa2 16. Rd7 Bf6 17. Rfd1 0-1

[Event "Campiunatu di Corsica 2013"]
[Site "Corsica"]
[Date "2013.06.30"]
[Round "2"]
[White "Brethes, Francois"]
[Black "Massoni, Michael"]
[Result "1-0"]
[WhiteElo "2266"]
[BlackElo "2371"]
[PlyCount "89"]
[EventDate "2013.??.??"]

1. d4 Nf6 2. Nf3 c5 3. d5 e6 4. c4 exd5 5. cxd5 d6 6. Nc3 g6 7. g3 Bg7 8. Bg2
O-O 9. O-O Nbd7 10. Bf4 Qe7 11. Re1 Nh5 (11... a6) 12. Bg5 f6 13. Bc1 f5 14.
Bg5 Ndf6 15. e4 fxe4 16. Nxe4 Qc7 17. Nc3 a6 18. h3 h6 19. Be3 b5 20. a3 g5 21.
Nd2 Qf7 22. Nde4 Nxe4 23. Nxe4 Be5 24. Nxc5 $1 Nf4 $5 25. Bxf4 gxf4 26. Ne6
fxg3 27. f4 Bxe6 28. dxe6 Qxf4 29. e7 Rf7 $2 (29... Rfe8 $15) 30. Re4 (30. Rxe5
$1 Qxe5 31. Bxa8 Qe3+ 32. Kh1 Rf2 33. Bg2 $18) 30... Qf2+ 31. Kh1 Re8 32. Qg4+
Rg7 33. Qe6+ Qf7 34. Qxh6 Qxe7 $4 35. Rg4 $1 Qf6 36. Bd5+ Kf8 37. Qxf6+ Bxf6
38. Rf1 Rxg4 39. Rxf6+ Kg7 40. Rf7+ Kg6 41. hxg4 Kg5 42. Bf3 Re3 43. Kg2 Rb3
44. Kxg3 Rxb2 45. Ra7 1-0

[Event "Campiunatu di Corsica 2013"]
[Site "Corsica"]
[Date "2013.07.01"]
[Round "2.1"]
[White "Cristofari, Antoine"]
[Black "Luciani, Thibault"]
[Result "1-0"]
[WhiteElo "2134"]
[BlackElo "2089"]
[PlyCount "47"]

1. e4 c5 2. Nf3 d6 3. d4 cxd4 4. Nxd4 Nf6 5. Nc3 g6 6. Be3 Bg7 7. f3 O-O 8. Qd2
Nc6 9. O-O-O Nxd4 10. Bxd4 Be6 11. Kb1 Qc7 12. Nd5 Bxd5 13. exd5 Rac8 14. Rc1
a6 15. h4 b5 16. h5 Qb7 17. hxg6 hxg6 18. Qg5 Rfe8 19. Bd3 e5 20. dxe6 Rxe6 21.
f4 Nh5 22. Bxg7 Nxg7 23. f5 Re5 24. Qh6 1-0

[Event "Campiunatu di Corsica 2013"]
[Site "Corsica"]
[Date "2013.07.01"]
[Round "2.2"]
[White "Massoni, Michael"]
[Black "Battesti, Saveriu"]
[Result "1-0"]
[WhiteElo "2371"]
[BlackElo "2013"]
[PlyCount "49"]

1. d4 Nf6 2. c4 g6 3. Nc3 Bg7 4. Nf3 O-O 5. Bf4 d6 6. e3 Na6 7. Be2 c5 8. h3
Qa5 9. O-O Nh5 10. Bg5 cxd4 11. exd4 f6 12. Bd2 e5 13. Nd5 Qd8 14. Nh2 f5 15.
Bxh5 gxh5 16. Qxh5 exd4 17. Rae1 Bd7 18. Bg5 Be8 19. Qh4 Qa5 20. Bf6 Qd2 21.
Bxg7 Kxg7 22. Re7+ Bf7 23. Qf6+ Kg8 24. Nf3 Qd3 25. Ng5 1-0

[Event "Campiunatu di Corsica 2013"]
[Site "Corsica"]
[Date "2013.07.01"]
[Round "3"]
[White "Guyon, Pascal"]
[Black "Brethes, Francois"]
[Result "1-0"]
[WhiteElo "1853"]
[BlackElo "2266"]
[PlyCount "61"]
[EventDate "2013.??.??"]

1. d4 d5 2. c4 dxc4 3. Nf3 e6 4. e3 Nf6 5. Bxc4 c5 6. O-O a6 7. dxc5 Bxc5 8.
Qxd8+ Kxd8 9. a3 Nbd7 10. b4 Bd6 11. Bb2 b5 12. Be2 Bb7 13. Nbd2 Rc8 14. Rac1
Ke7 15. Nd4 Nb6 16. N4b3 Nfd7 17. Na5 Ba8 18. Nf3 f6 19. Rxc8 Rxc8 20. Rc1
Rxc1+ 21. Bxc1 Ne5 22. Nxe5 Bxe5 23. Bd3 f5 24. f4 Bc3 25. Nb3 Na4 26. Kf2 Bd5
27. Nd2 Kd6 28. Bc2 Nb2 29. g4 g6 30. g5 e5 31. Nb1 1-0

[Event "Campiunatu di Corsica 2013"]
[Site "Corsica"]
[Date "2013.07.01"]
[Round "2.4"]
[White "Bigonnet, Jean-Michel"]
[Black "Utrera, Ludovic"]
[Result "1-0"]
[WhiteElo "1987"]
[BlackElo "2037"]
[PlyCount "71"]

1. e4 c5 2. Nf3 e6 3. d4 cxd4 4. Nxd4 a6 5. Nc3 b5 6. Be3 Qc7 7. Bd3 Nf6 8. f4
d6 9. O-O Be7 10. Qf3 Bb7 11. a4 b4 12. Nce2 Nbd7 13. Ng3 O-O 14. Nb3 Rac8 15.
Nh5 Nxh5 16. Qxh5 Nf6 17. Qf3 d5 18. e5 Ne4 19. Qh3 g6 20. Rf3 Nc5 21. Qh6 f5
22. exf6 Rxf6 23. Bd4 Nxd3 24. Bxf6 Bxf6 25. Rxd3 Qb6+ 26. Kh1 Rxc2 27. Rg3 Bg7
28. Qg5 Rxb2 29. Qe7 Qc6 30. Na5 Qxa4 31. Qxe6+ Kh8 32. Rc1 Rc2 33. Re1 Bc8 34.
Qd6 Qd7 35. Qxb4 Bf6 36. Qf8# 1-0

[Event "Campiunatu di Corsica 2013"]
[Site "Corsica"]
[Date "????.??.??"]
[Round "3.1"]
[White "Utrera, Ludovic"]
[Black "Cristofari, Antoine"]
[Result "0-1"]
[WhiteElo "2037"]
[BlackElo "2134"]
[PlyCount "56"]

1. e4 e5 2. Nc3 Nf6 3. f4 d5 4. exd5 e4 5. Bc4 Bc5 6. d4 exd3 7. Qxd3 O-O 8.
Nge2 Ng4 9. Nd4 Qf6 10. Nce2 Re8 11. c3 c6 12. O-O Bf5 13. Qf3 Qg6 14. Ng3 cxd5
15. Bxd5 (15. Qxd5 Bxd4+ 16. cxd4 Be6 17. Qb5 Bd7 18. Qg5 Qxg5 (18... Ne3) 19.
fxg5) 15... Nc6 16. Bxc6 bxc6 17. Ngxf5 Qxf5 18. h3 Nf6 19. Kh2 Bxd4 20. cxd4
Re4 21. Bd2 Rae8 22. Rae1 Qd5 23. Bc3 Qxa2 24. Ra1 Qc4 25. Rxa7 h6 26. Ra5 Nd5
27. Rc5 Qa6 28. Qd1 Ne3 0-1

[Event "Campiunatu di Corsica 2013"]
[Site "Corsica"]
[Date "????.??.??"]
[Round "3.4"]
[White "Luciani, Thibault"]
[Black "Massoni, Michael"]
[Result "1-0"]
[WhiteElo "2089"]
[BlackElo "2371"]
[PlyCount "55"]

1. d4 Nf6 2. c4 c5 3. d5 e6 4. Nc3 exd5 5. cxd5 d6 6. e4 g6 7. f4 Bg7 8. Nf3
O-O 9. Be2 Nbd7 10. O-O Re8 11. Nd2 c4 12. e5 dxe5 13. Nxc4 Nb6 14. fxe5 Nfxd5
15. Nd6 Nxc3 16. bxc3 Rxe5 17. Nxf7 Qxd1 18. Bxd1 Re8 19. Nd6 Re5 20. Bf4 Be6
21. Bxe5 Bxe5 22. Ne4 Bf5 23. Bb3+ Kh8 24. Rae1 Rc8 25. Ng5 Bf6 26. Nf7+ Kg7
27. Nd6 Rc4 28. Bxc4 1-0

[Event "Campiunatu di Corsica 2013"]
[Site "Corsica"]
[Date "2013.??.??"]
[Round "4"]
[White "Brethes, Francois"]
[Black "Bigonnet, Jean-Michel"]
[Result "1-0"]
[WhiteElo "2266"]
[BlackElo "1987"]
[PlyCount "127"]
[EventDate "2013.??.??"]

1. d4 Nf6 2. Nc3 d5 3. Nf3 e6 4. Bf4 Be7 5. e3 O-O 6. Be2 b6 7. Ne5 Bb7 8. O-O
Nbd7 9. Bb5 Nxe5 10. dxe5 Nd7 11. Qg4 c6 12. Bd3 g6 13. Ne2 Qc7 14. Qg3 Nc5 15.
Nd4 Ne4 16. Qh3 c5 17. Nf3 c4 18. Bxe4 dxe4 19. Nd4 Bd5 20. Rfd1 c3 21. Nb5 Qc6
22. Nxc3 b5 23. Nxd5 exd5 24. Rd2 a5 25. Qg4 h5 26. Qg3 h4 27. Qg4 Qe6 28. h3
Qxg4 29. hxg4 g5 30. Bh2 Rfd8 31. Rad1 Rac8 32. Kf1 Rc5 33. f4 exf3 34. gxf3
Rdc8 35. Rc1 b4 36. Ke2 a4 37. Bg1 Rc4 38. Kd1 Rd8 39. Rd3 a3 40. b3 Rc3 41.
Rxc3 bxc3 42. Ke2 Bb4 43. Kd3 Kf8 44. Bf2 Ke7 45. Rh1 Rh8 46. f4 Ke6 47. Kd4
Ba5 48. Rh3 gxf4 49. Rxh4 Rxh4 50. Bxh4 fxe3 51. Bg3 Bb6+ 52. Kxc3 Ba5+ 53. Kd3
d4 54. Kxd4 e2 55. c3 Bc7 56. Kd3 Bxe5 57. Be1 Kf6 58. Bh4+ Ke6 59. c4 Bf6 60.
Bg3 Be5 61. Be1 Bb2 62. Kxe2 Ke5 63. Kd3 Kf4 64. c5 1-0

[Event "Campiunatu di Corsica 2013"]
[Site "Corsica"]
[Date "2013.07.02"]
[Round "3.3"]
[White "Battesti, Saveriu"]
[Black "Guyon, Pascal"]
[Result "1-0"]
[WhiteElo "2013"]
[BlackElo "1853"]
[PlyCount "99"]
[EventDate "2013.??.??"]

1. e4 c5 2. Nf3 Nf6 3. Nc3 Nc6 4. e5 Ng4 5. Qe2 Qc7 6. Nb5 Qb8 7. d4 e6 8. Qe4
f5 9. exf6 Nxf6 10. Qh4 cxd4 11. Bf4 d6 12. Bd3 a6 13. Bg5 Be7 14. Nbxd4 Nxd4
15. Nxd4 Qc7 16. O-O-O Bd7 17. Bg6+ Kf8 18. Rhe1 Qc8 19. Re3 hxg6 20. Qxh8+ Kf7
21. Qh4 e5 22. Rde1 Bd8 23. Nf3 Bf5 24. Rc3 Qd7 25. Rxe5 Rc8 26. Rec5 Rxc5 27.
Rxc5 Bg4 28. Rc3 Bxf3 29. Bxf6 Bxf6 30. Rxf3 Qb5 31. b3 Qe5 32. Qc4+ d5 33. Qb4
b5 34. Kd1 Qxh2 35. Qf4 Qxg2 36. Qc7+ Ke6 37. Re3+ Kf5 38. Qd7+ Kf4 39. Qd6+
Kf5 40. Ke2 Qg4+ 41. Kd2 Qd4+ 42. Ke1 g5 43. Qe6+ Kg6 44. Qe8+ Kf5 45. Rf3+ Kg4
46. Rg3+ Kf5 47. c3 Qc5 48. Rf3+ Kg4 49. Qe2 Bxc3+ 50. Rxc3+ 1-0

[Event "Campiunatu di Corsica 2013"]
[Site "Corsica"]
[Date "2013.07.03"]
[Round "4.1"]
[White "Cristofari, Antoine"]
[Black "Massoni, Michael"]
[Result "0-1"]
[WhiteElo "2134"]
[BlackElo "2371"]
[PlyCount "126"]

1. e4 c5 2. Nf3 Nc6 3. d4 cxd4 4. Nxd4 Nf6 5. Nc3 d6 6. Be2 e5 7. Nf3 h6 8. O-O
Be7 9. Be3 O-O 10. Ne1 Be6 11. Bf3 Qc7 12. Nd5 Bxd5 13. exd5 Nb8 14. b3 Nh7 15.
Bh5 Bg5 16. f4 exf4 17. Bxf4 Bxf4 18. Rxf4 Nd7 19. Nd3 Nhf6 20. Bf3 Rfe8 21.
Qd2 Re7 22. Kh1 Rae8 23. h3 Nf8 24. Rf1 Re3 25. Qf2 Qe7 26. a4 Ng6 27. Rc4 Qd7
28. Qd2 Qf5 29. Qf2 R3e7 30. Rd4 Qg5 31. b4 Ne5 32. Nxe5 Rxe5 33. c4 b6 34.
Rdd1 Re3 35. a5 Qe5 36. axb6 axb6 37. c5 bxc5 38. bxc5 dxc5 39. d6 Qf5 40. Qd2
Qd7 41. Qc1 R3e5 42. Qc4 Rd8 43. Qa6 Re6 44. Bc6 Rxd6 45. Rxd6 Qxd6 46. Qb7 Rb8
47. Qa6 Nh5 48. Ra1 Ng3+ 49. Kg1 Ne2+ 50. Kh1 Nd4 51. Be4 Qxa6 52. Rxa6 Rc8 53.
Bb7 Rc7 54. Ra8+ Kh7 55. Be4+ g6 56. g4 c4 57. Rd8 Ne6 58. Rd2 c3 59. Rc2 Nd4
60. Rc1 c2 61. Kg2 Re7 62. Bd3 Re3 63. Bf1 Rc3 0-1

[Event "Campiunatu di Corsica 2013"]
[Site "Corsica"]
[Date "2013.07.03"]
[Round "4.3"]
[White "Bigonnet, Jean-Michel"]
[Black "Battesti, Saveriu"]
[Result "1-0"]
[WhiteElo "1987"]
[BlackElo "2013"]
[PlyCount "47"]

1. e4 e5 2. Nf3 Nc6 3. Bb5 a6 4. Ba4 Nf6 5. d4 b5 6. Bb3 Nxe4 7. dxe5 Nc5 8. c3
Nxb3 9. axb3 Be7 10. O-O O-O 11. Bf4 Bb7 12. b4 d6 13. exd6 cxd6 14. Na3 Qc8
15. Re1 Qg4 16. Bg3 Rfe8 17. Nc2 Qg6 18. Ne3 Ne5 19. Nd5 Nxf3+ 20. Qxf3 Rab8
21. Rxe7 Kf8 22. Bxd6 Bxd5 23. Rxe8+ Kxe8 24. Qxd5 1-0

[Event "Campiunatu di Corsica 2013"]
[Site "Corsica"]
[Date "2013.07.03"]
[Round "5"]
[White "Utrera, Ludovic"]
[Black "Brethes, Francois"]
[Result "0-1"]
[WhiteElo "2037"]
[BlackElo "2266"]
[PlyCount "72"]

1. e4 e6 2. d3 d5 3. Nd2 c5 4. g3 dxe4 5. Nxe4 Bd7 6. Nf3 Bc6 7. Qe2 Nd7 8. Bg2
Ngf6 9. O-O Be7 10. Re1 O-O 11. Nfg5 Nxe4 12. Nxe4 Qc7 13. Bh3 Rfe8 14. Bd2 b5
15. Ng5 Bf6 $2 16. Qh5 Nf8 17. Bc3 Bd4 18. Ne4 Bd5 19. Bxd4 cxd4 20. Re2 f5 21.
Nd2 g6 22. Qh4 Qxc2 23. Qxd4 Rad8 24. Qc3 Rc8 25. Qd4 Red8 26. Qf6 Nd7 27. Qe7
Qxb2 28. Rae1 Qg7 29. Qb4 Qc3 30. Qe7 Nc5 31. Nb1 Qg7 32. Qxg7+ Kxg7 33. d4 Nd3
34. Rf1 Nc1 35. Re3 Nxa2 36. Bg2 Bc4 0-1

[Event "Campiunatu di Corsica 2013"]
[Site "Corsica"]
[Date "2013.??.??"]
[Round "6"]
[White "Brethes, Francois"]
[Black "Cristofari, Antoine"]
[Result "1-0"]
[WhiteElo "2266"]
[BlackElo "2134"]
[PlyCount "71"]
[EventDate "2013.??.??"]

1. d4 Nf6 2. c4 g6 3. Nf3 Bg7 4. g3 O-O 5. Bg2 d6 6. O-O Nc6 7. Nc3 Bg4 8. d5
Na5 9. Nd2 c5 10. Qc2 a6 11. a4 b5 12. axb5 axb5 13. cxb5 Qc7 14. b3 c4 15. b4
Nb3 16. Rxa8 Rxa8 17. Nxb3 cxb3 18. Qxb3 Nd7 19. Bb2 Bxc3 20. Bxc3 (20. Qxc3 $1
Qxc3 21. Bxc3 Bxe2 22. Re1 Bxb5 23. Rxe7 $16) 20... Bxe2 21. Re1 Bxb5 $6 (21...
Bc4 $1) 22. Rxe7 Ra1+ 23. Re1 Bc4 24. Qb2 Ra2 $2 25. Qc1 $1 Ne5 26. Bd4 f6 27.
Qf4 Qf7 28. Qe4 Kf8 29. b5 Bd3 30. Qe3 Bxb5 31. Qb3 Bc4 32. Qb8+ Kg7 33. Qxd6
Ra6 (33... Kh6 34. Rxe5 fxe5 35. Be3+ Kg7 36. Qxe5+ Kg8 37. Bd4) 34. Qd8 Ra4
35. Rxe5 fxe5 36. Bxe5+ 1-0

[Event "Campiunatu di Corsica 2013"]
[Site "Corsica"]
[Date "2013.07.04"]
[Round "5.2"]
[White "Battesti, Saveriu"]
[Black "Utrera, Ludovic"]
[Result "1-0"]
[WhiteElo "2013"]
[BlackElo "2037"]
[PlyCount "75"]

1. e4 c5 2. Nf3 e6 3. d4 cxd4 4. Nxd4 a6 5. Bd3 Qc7 6. O-O Nf6 7. Qe2 d6 8. c4
Nbd7 9. Nc3 Ne5 10. Kh1 Be7 11. f4 Nxd3 12. Qxd3 O-O 13. b3 b6 14. Bd2 Bb7 15.
Rae1 Rad8 16. Qg3 Qc5 17. Be3 Qa5 18. Bd2 Qc5 19. Be3 Qh5 20. Bg1 Nd7 21. f5 e5
22. f6 Bxf6 23. Nf5 Nc5 24. b4 Ne6 25. Bxb6 Rd7 26. Rd1 Nd4 27. Nxd4 exd4 28.
Bxd4 Bxd4 29. Rxd4 Rfd8 30. Rfd1 Bc6 31. h3 f5 32. Rxd6 Qxd1+ 33. Rxd1 Rxd1+
34. Nxd1 Rxd1+ 35. Kh2 fxe4 36. Qb8+ Kf7 37. Qc7+ Bd7 38. Qf4+ 1-0

[Event "Campiunatu di Corsica 2013"]
[Site "Corsica"]
[Date "2013.07.04"]
[Round "5.3"]
[White "Luciani, Thibault"]
[Black "Bigonnet, Jean-Michel"]
[Result "1-0"]
[WhiteElo "2089"]
[BlackElo "1987"]
[PlyCount "63"]

1. d4 Nf6 2. c4 c5 3. d5 b5 4. cxb5 a6 5. bxa6 g6 6. Nc3 Bxa6 7. g3 d6 8. Bg2
Bg7 9. Nf3 Nfd7 10. Qc2 Nb6 11. h4 h6 12. Nh2 N8d7 13. h5 g5 14. Ng4 Nc4 15.
O-O Nde5 16. Nxe5 Nxe5 17. f4 Ng4 18. Bh3 Bd4+ 19. Kg2 Nf6 20. fxg5 hxg5 21.
Bxg5 Rxh5 22. Bxf6 Bxf6 23. Rf5 Rxf5 24. Bxf5 Bc8 25. Rf1 Bxf5 26. Qxf5 Qd7 27.
Qh7 Qg4 28. Rxf6 exf6 29. Qh8+ Ke7 30. Qxa8 f5 31. Qa4 c4 32. Qa7+ 1-0

[Event "Campiunatu di Corsica 2013"]
[Site "Corsica"]
[Date "2013.07.04"]
[Round "5.4"]
[White "Massoni, Michael"]
[Black "Guyon, Pascal"]
[Result "1-0"]
[WhiteElo "2371"]
[BlackElo "1853"]
[PlyCount "115"]

1. e4 c5 2. Nc3 Nc6 3. Nge2 Nf6 4. d4 cxd4 5. Nxd4 d6 6. Be2 g6 7. O-O Bg7 8.
Nb3 a6 9. Be3 O-O 10. f4 Qc7 11. Bf3 Rb8 12. a4 Na5 13. Nxa5 Qxa5 14. Qd2 Qc7
15. Kh1 b6 16. e5 dxe5 17. fxe5 Ng4 18. Nd5 Qd8 19. Bg5 f6 20. exf6 exf6 21.
Bf4 Ne5 22. Qb4 a5 23. Qa3 Rb7 24. Rad1 Rd7 25. Qb3 Kh8 26. Nxb6 Rxd1 27. Rxd1
Qe7 28. Nd5 Qe6 29. Qe3 Nxf3 30. Qxe6 Bxe6 31. gxf3 Rc8 32. Ne3 g5 33. Bd6 f5
34. c3 f4 35. Nd5 Rd8 36. Nb6 Kg8 37. c4 Bxb2 38. c5 Ba3 39. Rg1 h6 40. h4 Kf7
41. hxg5 hxg5 42. Rxg5 Rh8+ 43. Kg2 Rg8 44. Rxg8 Kxg8 45. Kf2 Kf7 46. Ke2 Kf6
47. Kd3 Kf5 48. Nc4 Bb4 49. Kd4 Bd7 50. Bc7 Bxa4 $4 (50... Be1) 51. Bxa5 Ba3
52. Nxa3 Bc6 53. Bc7 Bxf3 54. Nc4 Ba8 55. Ne5 Ke6 56. Bd6 f3 57. Nd3 Kf5 58.
Ke3 1-0

[Event "Campiunatu di Corsica 2013"]
[Site "Corsica"]
[Date "2013.07.05"]
[Round "7.1"]
[White "Battesti, Saveriu"]
[Black "Cristofari, Antoine"]
[Result "0-1"]
[WhiteElo "2013"]
[BlackElo "2134"]
[PlyCount "54"]
[EventDate "2013.??.??"]

1. e4 e5 2. Nf3 Nc6 3. Bb5 a6 4. Ba4 Nf6 5. O-O Be7 6. Re1 b5 7. Bb3 O-O 8. c3
d5 9. exd5 Nxd5 10. Nxe5 Nxe5 11. Rxe5 Nf6 12. d4 Bd6 13. Re1 Ng4 14. g3 Nxh2
15. Kxh2 Qh4+ 16. Kg1 Bxg3 17. Qf3 Qh2+ 18. Kf1 Bh3+ 19. Ke2 Rae8+ 20. Kd2 $4 (
20. Kd1) 20... Bf4+ 21. Kc2 Bf5+ 22. Kd1 Rxe1+ 23. Kxe1 Qg1+ 24. Ke2 Qxc1 25.
Nd2 Re8+ 26. Ne4 Qxb2+ 27. Kd3 Qd2# 0-1

[Event "Campiunatu di Corsica 2013"]
[Site "Corsica"]
[Date "2013.07.05"]
[Round "7"]
[White "Luciani, Thibault"]
[Black "Brethes, Francois"]
[Result "0-1"]
[WhiteElo "2089"]
[BlackElo "2266"]
[PlyCount "62"]

1. d4 d5 2. c4 dxc4 3. Nf3 e6 4. e3 Nf6 5. Bxc4 c5 6. O-O cxd4 7. exd4 Be7 8.
Nc3 Nc6 9. h3 O-O 10. Be3 Nb4 11. Ne5 Bd7 12. a3 Nbd5 13. Nxd5 exd5 14. Nxd7
Qxd7 15. Bd3 Ne4 16. Rc1 Bd6 17. Qf3 Rfe8 18. Rc2 Bc7 19. Rfc1 Bb6 20. Qe2 a6
21. Bxe4 Rxe4 22. Qd3 Rae8 23. Qb3 Qe6 24. Qa4 h6 25. Rc3 f5 26. Rb3 f4 27.
Bxf4 Bxd4 28. Rb4 Re1+ 29. Kh2 Bxf2 30. Qc2 Bg1+ 31. Kg3 Re3+ 0-1

[Event "Campiunatu di Corsica 2013"]
[Site "Corsica"]
[Date "2013.07.05"]
[Round "7.3"]
[White "Massoni, Michael"]
[Black "Utrera, Ludovic"]
[Result "1-0"]
[WhiteElo "2371"]
[BlackElo "2037"]
[PlyCount "91"]

1. d4 d5 2. c4 e6 3. Nc3 Nf6 4. cxd5 exd5 5. Bg5 Be7 6. Qc2 O-O 7. e3 h6 8. Bh4
c5 9. dxc5 Nc6 10. Nf3 Be6 11. Be2 Qa5 12. O-O Qxc5 13. Rfd1 Rac8 14. Rac1 Ne4
15. Bxe7 Nxe7 16. Qb1 Nxc3 17. Rxc3 Qa5 18. Ra3 Qb6 19. Nd4 Nc6 20. Rb3 Qc7 21.
Rc3 Qe7 22. Nxc6 bxc6 23. Bf3 Rfd8 24. b4 Rb8 25. Rxc6 Rxb4 26. Qc1 Rc4 27.
Rxc4 dxc4 28. Rxd8+ Qxd8 29. Be2 Qa5 30. a3 c3 31. f3 Qc5 32. Kf2 f5 33. g3 g5
34. Bd3 f4 35. gxf4 gxf4 36. Ke2 Qxe3+ 37. Qxe3 fxe3 38. Bc2 Kf7 39. Kxe3 Kf6
40. Kd4 Bf5 (40... Bh3 41. Kxc3 Ke5) 41. Kxc3 Bxc2 42. Kxc2 Kf5 43. Kd3 Kf4 44.
Ke2 h5 45. Kf2 h4 46. Ke2 1-0

[Event "Campiunatu di Corsica 2013"]
[Site "Corsica"]
[Date "2013.07.05"]
[Round "7.4"]
[White "Guyon, Pascal"]
[Black "Bigonnet, Jean-Michel"]
[Result "1/2-1/2"]
[WhiteElo "1853"]
[BlackElo "1987"]
[PlyCount "87"]

1. d4 Nf6 2. c4 c5 3. d5 b5 4. cxb5 a6 5. bxa6 g6 6. Nc3 Bxa6 7. e4 Bxf1 8.
Kxf1 d6 9. g3 Bg7 10. Kg2 O-O 11. Nf3 Nbd7 12. h3 Qa5 13. Rb1 Rfb8 14. Re1 Ng4
15. Bg5 Rxb2 16. Rxb2 Bxc3 17. Bd2 Nge5 18. Nxe5 Nxe5 19. Bxc3 Qxc3 20. Rb3 Qc4
21. Qb1 Kg7 22. Qb2 f6 23. Qe2 Qa4 24. f4 c4 25. Rc3 Nd3 26. Rd1 Qxa2 27. Qxa2
Rxa2+ 28. Kg1 Re2 29. Rxc4 Nb2 30. Rdd4 Nxc4 31. Rxc4 Rd2 32. Ra4 f5 33. exf5
gxf5 34. Ra5 Kf6 35. Kf1 Rh2 36. h4 Rd2 37. Ke1 Rg2 38. Ra3 Rb2 39. Re3 Rb5 40.
Re6+ Kf7 41. Rh6 Kg7 42. Re6 Kf7 43. Rh6 Kg7 44. Re6 1/2-1/2